The portrait photographer's lighting style guide : recipes for lighting and composing professional portraits (Record no. 9460)

000 -LEADER
fixed length control field 00433nam a2200145 4500
003 - CONTROL NUMBER IDENTIFIER
control field OSt
005 - DATE AND TIME OF LATEST TRANSACTION
control field 20210623163900.0
008 - FIXED-LENGTH DATA ELEMENTS--GENERAL INFORMATION
fixed length control field 210623b ||||| |||| 00| 0 eng d
020 ## - INTERNATIONAL STANDARD BOOK NUMBER
International Standard Book Number 9780817400057
082 ## - DEWEY DECIMAL CLASSIFICATION NUMBER
Classification number 778.92
Item number TRA
100 ## - MAIN ENTRY--PERSONAL NAME
Personal name Travers, Peter, 1972-
245 ## - TITLE STATEMENT
Title The portrait photographer's lighting style guide : recipes for lighting and composing professional portraits
260 ## - PUBLICATION, DISTRIBUTION, ETC. (IMPRINT)
Place of publication, distribution, etc SA
Name of publisher, distributor, etc Amphoto books
Date of publication, distribution, etc 2010
942 ## - ADDED ENTRY ELEMENTS (KOHA)
Source of classification or shelving scheme
Holdings
Withdrawn status Lost status Source of classification or shelving scheme Damaged status Koha normalized classification for sorting Not for loan Permanent location Current location Date acquired Total Checkouts Full call number Barcode Date last seen Date last borrowed Price effective from Koha item type
        778_920000000000000_TRA   BMS College of Architecture, Design and Planning BMS College of Architecture, Design and Planning 2021-06-23 2 778.92 TRA AR-UG2193 2023-05-23 2023-04-18 2021-06-23 UG Books
Copyright © 2025, The Librarian, Library and Information Centre, BMSCA D&P, Bengaluru. All Rights Reserved
web counter

Powered by Koha